PRACTICAL MACHINE LEARNING IN R / (Record no. 594418)
[ view plain ]
| 000 -LEADER | |
|---|---|
| fixed length control field | 00342nam a22001337a 4500 |
| 020 ## - INTERNATIONAL STANDARD BOOK NUMBER | |
| Qualifying information | PB. |
| 040 ## - CATALOGING SOURCE | |
| Transcribing agency | FIZZA ISHAQ |
| 082 ## - DEWEY DECIMAL CLASSIFICATION NUMBER | |
| Classification number | 006.31 |
| Author Mark | NWA |
| 100 ## - MAIN ENTRY--PERSONAL NAME | |
| Personal name | NWANGANGA,FRED. |
| 9 (RLIN) | 81144 |
| 245 ## - TITLE STATEMENT | |
| Title | PRACTICAL MACHINE LEARNING IN R / |
| Statement of responsibility, etc. | FRED NWANGANGA. |
| 260 ## - PUBLICATION, DISTRIBUTION, ETC. | |
| Place of publication, distribution, etc. | CANADA ; |
| Name of publisher, distributor, etc. | JOHN WILEY AND SONS, |
| Date of publication, distribution, etc. | 2020. |
| 300 ## - PHYSICAL DESCRIPTION | |
| Extent | 438 P. ; |
| 942 ## - ADDED ENTRY ELEMENTS (KOHA) | |
| Source of classification or shelving scheme | |
| Koha item type | Book |
| Withdrawn status | Lost status | Source of classification or shelving scheme | Damaged status | Not for loan | Permanent Location | Current Location | Date acquired | Total Checkouts | Full call number | Barcode | Date last seen | Price effective from | Koha item type |
|---|---|---|---|---|---|---|---|---|---|---|---|---|---|
| NUST Baluchistan Campus (NBC) | NUST Baluchistan Campus (NBC) | 04/03/2023 | 006.31 NWA | Q-6281 | 04/03/2023 | 04/03/2023 | Book |
